Statistiche per Premier League 2020/2021

Clicka qui per fare il quiz!

Statistiche generali

  • Questo quiz è stato fatto 176 volte
  • Il punteggio medio è 14 su 20

Statistiche sulle risposte

Inserisci squadra% Corretto
Liverpool
99%
Manchester City
99%
Manchester United
99%
Arsenal
97%
Chelsea
93%
Tottenham
90%
Leicester City
77%
West Ham
77%
Everton
73%
Aston Villa
71%
Wolverhampton Wanderers
71%
Brighton & Love Albion
65%
Newcastle United
65%
Crystal Palace
64%
Leeds United
60%
Southampton
59%
Burnley
58%
Fulham
55%
Sheffield United
43%
West Bromwich
31%

Distribuzione punteggi

Percentile per numero di risposta

Percentuale di utenti per punteggio

I tuoi punteggi nel tempo

Non hai fatto questo quiz